Lockwood & Co quiz - Statistics

General Stats
  • This quiz has been taken 431 times
  • The average score is 9 of 15
Answer Stats
Hint Answer % Correct
______ Lockwood Anthony
97%
Lucy____ Carlyle
89%
George_____ Karim
77%
Penelope ______ Fittes
73%
What is Lockwoods sense? Sight
57%
What type of ghost could Lucy talk to? Type 3
57%
What is lockwoods nickname? Locky
54%
What was Lucy's best friends name? Norrie
54%
What is the name of the sword they use? Rapier
53%
What is Georges sense? Touch
48%
How much was the fine? 60,000
46%
What is Lucy's sense? Listening
43%
What was the name of the mirror? Boneglass
39%
How did the above end up in hospital? Ghost locked
32%
What is the name of Lucy's first agency? Jacobs and co
30%
No matching quizzes found
Score Distribution
Percent of People with Each Score
Percentile by Number Answered
Your Score History
You have not taken this quiz